| 000 | 00527cam a22002051 4500 | ||
|---|---|---|---|
| 001 | 2649244 | ||
| 005 | 20180123040751.0 | ||
| 008 | 710311s1968 njuab b 000 0 eng | ||
| 010 | _a 68028307 | ||
| 040 |
_aDLC _cDLC _dDLC |
||
| 041 | _aeng | ||
| 080 | _a304.6 dav | ||
| 082 | 0 | 0 |
_a304.6 dav _220 |
| 100 | 1 | _a50 | |
| 101 | _asoc | ||
| 245 | 1 | 0 |
_aSociety and population _c[by] David M. Heer. |
| 504 | _aIncludes bibliographical references. | ||
| 906 |
_a7 _bcbc _corignew _du _eocip _f19 _gy-gencatlg |
||
| 942 |
_2ddc _cBK |
||
| 999 |
_c40726 _d40726 |
||